| 000 | 00810cam a2200253 a 4500 | ||
|---|---|---|---|
| 005 | 20231020063957.0 | ||
| 008 | 191126s2019 mx ao dr 000 0 spa d | ||
| 020 | _a9786075511955 | ||
| 035 | _aUPN01000234341 | ||
| 040 |
_aMX-MxUPN _bspa _cMX-MxUPN |
||
| 050 | 4 |
_aLB1641 M61 _bH57 2019 |
|
| 245 | 0 | 0 |
_aHistoria : _bprimer grado |
| 250 | _aSegunda edición | ||
| 260 |
_aMéxico : _bSEP, Dirección General de Materiales Educativos , _c2019. |
||
| 300 |
_a271 páginas : _bilustraciones a color, fotografías |
||
| 490 | 0 | _aTelesecundaria | |
| 500 | _a"Ciclo escolar 2019-2020". | ||
| 650 | 7 |
_95248 _aHistoria _xEstudio y enseñanza (Secundaria) |
|
| 650 | 7 |
_96383 _aHistoria _vLibros de texto |
|
| 650 | 4 |
_aTelesecundaria _96411 |
|
| 905 | _aLibro | ||
| 942 |
_2lcc _cLIBRO |
||
| 999 |
_c206436 _d206436 |
||